| 000 | 00404nam a2200145Ia 4500 | ||
|---|---|---|---|
| 008 | 230917s9999||||xx |||||||||||||| ||und|| | ||
| 040 |
_e40487 _aMAIN |
||
| 041 | _aEnglish | ||
| 082 | _a810.9 P755W | ||
| 100 | _aPoirier, Richard | ||
| 245 | 2 | _aA world elsewhere: the place of style in American literature | |
| 260 |
_aWisconsin _bUniversity of Wisconsin _c1985 |
||
| 300 | _axxiii, 257 p. | ||
| 942 | _cBK | ||
| 999 |
_c94937 _d94937 |
||